00641nam a2200157Ia 4500082002300000100002000023245006000043260008300103300001300186504003500199650005000234650005000284650004500334650005500379650004900434 a307.72095412 VAR-; aVarma, Poornima 0aSocial organisation of Amnari: a village in Chotanagpur aCalcuttabInstitute of Social Research and Applied Applied Anthropologyc1977 ax, 276p. aIncludes bibliography, indexes aRural population - Amnari-Chotanagpur (Bihar) aAmnari-Chotanagpur (Bihar) - Rural conditions aRural development - Sociological aspects aSocial stratification - Amnari-Chotanagpur (Bihar) aAmnari-Chotanagpur - Social life and customs